El derecho de la televisión sin fronteras (Record no. 153174)

MARC details
000 -LEADER
fixed length control field nam a22 7a 4500
005 - DATE AND TIME OF LATEST TRANSACTION
control field 20191128124138.0
008 - FIXED-LENGTH DATA ELEMENTS--GENERAL INFORMATION
fixed length control field 191128b sp ||||| |||| 00| 0 spa d
020 ## - INTERNATIONAL STANDARD BOOK NUMBER
International Standard Book Number 8480180781
050 04 - LIBRARY OF CONGRESS CALL NUMBER
Classification number KJE6976
Item number G63 1995
100 1# - MAIN ENTRY--PERSONAL NAME
Personal name Godoy, Antonio.
245 13 - TITLE STATEMENT
Title El derecho de la televisión sin fronteras
Statement of responsibility, etc / Antonio Godoy.
250 ## - EDITION STATEMENT
Edition statement 1a ed.
260 ## - PUBLICATION, DISTRIBUTION, ETC. (IMPRINT)
Place of publication, distribution, etc Alicante :
Name of publisher, distributor, etc Instituto de Cultura Juan Gil-Albert ;
-- Aguaclara,
Date of publication, distribution, etc 1995.
300 ## - PHYSICAL DESCRIPTION
Extent 429 p. ;
Dimensions 24 cm.
490 0# - SERIES STATEMENT
Series statement Amalgama ;
Volume number/sequential designation 11.
504 ## - BIBLIOGRAPHY, ETC. NOTE
Bibliography, etc Bibliografía : p. 393-416.
650 #4 - SUBJECT ADDED ENTRY--TOPICAL TERM
Topical term or geographic name as entry element Transmisión directa de televisión por satélite
General subdivision Leyes y legislación
Geographic subdivision Países de la Comunidad Económica Europea.
650 #7 - SUBJECT ADDED ENTRY--TOPICAL TERM
Source of heading or term lemb
Topical term or geographic name as entry element Televisión
General subdivision Derecho
942 ## - ADDED ENTRY ELEMENTS (KOHA)
Source of classification or shelving scheme Biblioteca del Cogreso de los Estados Unidos
Koha item type Libro
Holdings
Estado de pérdida Fuente de clasificación Estado del daño No para préstamo Ubicación permanente Ubicación actual Apartado o colección Fecha de adquisición Fuente de adquisición Edición Área del conocimiento Clasificación Código de Barras Date last seen Número de copia Costo por reposición Tipo de recurso
  Biblioteca del Cogreso de los Estados Unidos     Biblioteca del Posgrado en Derecho Biblioteca del Posgrado en Derecho Colección Ernesto Villanueva 28/11/2019 Donación 1a ed. Ciencias Sociales y Administrativas KJE6976 G63 1995 BPD000001108 28/11/2019 1 1.00 Libro